|
|
|
|
| LEADER |
00000nas a2200000 a 4500 |
| 001 |
ssj0000887 |
| 003 |
WaSeSS |
| 005 |
20200512172242.0 |
| 006 |
m d |
| 007 |
cr n |
| 008 |
050614c19699999dcumn pss 0 0eng c |
| 010 |
|
|
|a 2012236744
|
| 022 |
|
|
|y 0043-0633
|
| 035 |
|
|
|a (WaSeSS)ssj0000887
|
| 037 |
|
|
|b 1028 Connecticut Ave., N.W., 20036
|
| 040 |
|
|
|a OCLCS
|b eng
|c OCLCS
|d GAO
|d OCLCQ
|d CO3
|d TXU
|d CUD
|d NOC
|d OCLCE
|d OCLCQ
|d OCLCF
|d OCLCO
|d OCL
|d OCLCQ
|d OCL
|d WaSeSS
|
| 042 |
|
|
|a pcc
|a dlr
|
| 043 |
|
|
|a n-us---
|
| 050 |
|
4 |
|a E838
|b .W37
|
| 082 |
0 |
4 |
|a 320.9/73
|2 22
|
| 130 |
0 |
|
|a Washington monthly (Online)
|
| 245 |
1 |
4 |
|a The Washington monthly
|h [electronic resource].
|
| 260 |
|
|
|a [Washington] :
|b [Washington Monthly Co.]
|
| 310 |
|
|
|a Monthly (except combined July-Aug. issue),
|b July/Aug. 1973-
|
| 362 |
1 |
|
|a Electronic coverage as of Dec. 30, 2005: vol. 19, no. 12 (Dec. 1988)-
|
| 500 |
|
|
|a Title from caption (viewed Dec. 30, 2005).
|
| 506 |
|
|
|a License restrictions may limit access.
|
| 516 |
|
|
|a Electronic journal.
|
| 538 |
|
|
|a Master and use copy. Digital master created according to Benchmark for Faithful Digital Reproductions of Monographs and Serials, Version 1. Digital Library Federation, December 2002.
|u http://purl.oclc.org/DLF/benchrepro0212
|5 MiAaHDL
|
| 538 |
|
|
|a System requirements: Adobe Acrobat Reader.
|
| 538 |
|
|
|a Mode of access: World Wide Web.
|
| 583 |
1 |
|
|a digitized
|c 2010
|h HathiTrust Digital Library
|l committed to preserve
|5 MiAaHDL
|2 pda
|
| 588 |
|
|
|a Latest issue consulted: Vol. 44, no. 3/4 (Mar./Apr. 2012) (viewed Mar. 28, 2012).
|
| 648 |
|
7 |
|a 1900-1999
|2 fast
|
| 650 |
|
7 |
|a Politics and government
|2 fast
|0 (OCoLC)fst01919741
|
| 650 |
1 |
7 |
|a Maandbladen.
|2 gtt
|
| 651 |
|
0 |
|a United States
|x Politics and government
|y 20th century
|v Periodicals.
|
| 651 |
|
6 |
|a États-Unis
|x Politique et gouvernement
|y 20e siècle
|v Périodiques.
|
| 651 |
|
7 |
|a United States.
|2 fast
|0 (OCoLC)fst01204155
|
| 655 |
|
0 |
|a Electronic journals.
|
| 710 |
2 |
|
|a ProQuest Information and Learning Company.
|
| 730 |
0 |
|
|a ProQuest.
|
| 776 |
0 |
8 |
|i Print version:
|t Washington monthly (Original)
|x 0043-0633
|w (DLC) 77004299
|w (OCoLC)1604513
|
| 856 |
4 |
0 |
|z Full text available from Research Library: 01/01/1988 to present
|u https://search.proquest.com/publication/41640
|